00551nam a22001937a 450000500170000001000150001702000260003203500130005803500170007103700130008803700120010108200110011310000250012424500700014926000360021927000620025530000200031750000200033720130403115043.0 aENG-104878 a9789380902234c775.00 aEN-88411 aB-489960-966 bDBAD/PUB bBSB/Ven a153.69 aDcruza, Teresa Gomes aBody language and communication skills /cby Teresa Gomes Dcruza aJaipurbAadi Publicationsc2011 a18, Jain Bhawan, Opp. N.B.C. Shanti NagarbJaipure302006 a266p.c22cm(Hb) aIncludes index